História das sociedades (Record no. 58791)

MARC details
000 -LÍDER
campo de controle de tamanho fixo 00378 a2200157 4500
001 - NÚMERO DE CONTROLE
campo de controle 58791
020 ## - ISBN - INTERNATIONAL STANDARD BOOK NUMBER
ISBN - International Standard Book Number 852150103X
040 ## - FONTE DA CATALOGAÇÃO
Instituição que transcreveu o registro Anchieta - Pituba
100 ## - ENTRADA PRINCIPAL--NOME PESSOAL
Nome pessoal Franco, Denize de Azevedo
240 10 - TÍTULO UNIFORME
Título uniforme História das sociedades
Idioma da obra por
245 10 - TÍTULO
Título História das sociedades
300 ## - DESCRIÇÃO FÍSICA
Extensão 383
362 0# - DATAS DE PUBLICAÇÃO E/OU DESIGNAÇÃO SEQUENCIAL
Datas de publicação e/ou designação sequencial 1988
650 #4 - ASSUNTO--TERMO TÓPICO
Cabeçalho tópico ou nome geográfico História do mundo antigo até 499 AC.
942 ## - ELEMENTOS DE ENTRADA ADICIONADOS (KOHA)
Tipo de material Koha Livros
Holdings
Situação do descarte Situação das perdas Situação física Não pode ser emprestado Biblioteca de origem Biblioteca atual Data de aquisição Total de empréstimos Número de chamada completo Código de barras Data de último acesso Data do preço efetivo Tipo de material Koha
        Colégio Anchieta - Pituba Colégio Anchieta - Pituba 21/11/2023   930 A657h AQU HIS 9586/PIT 21/11/2023 21/11/2023 Livros